| 000 | 01783cam a2200337 i 4500 | ||
|---|---|---|---|
| 999 |
_c29118 _d29089 |
||
| 001 | 17930537 | ||
| 003 | EG-ScBUE | ||
| 005 | 20210519105642.0 | ||
| 008 | 131104s2015 mauab f b 001 0 eng d | ||
| 020 | _a9780544483996 (softcover) | ||
| 040 |
_aIEN/DLC _beng _erda _cIEN _dDLC _dEG-ScBUE |
||
| 043 | _afb----- | ||
| 082 | 0 | 4 |
_a967.033 _bOLO _222 |
| 100 | 1 |
_aOlopade, Dayo, _eauthor. |
|
| 245 | 1 | 4 |
_aThe bright continent : _bbreaking rules and making change in modern Africa / _cDayo Olopade. |
| 264 | 1 |
_aBoston : _bMariner Books : _bHoughton Mifflin Harcourt, _c2015. |
|
| 300 |
_a272 pages : _billustrations, maps ; _c24 cm |
||
| 336 |
_atext _btxt _2rdacontent |
||
| 337 |
_aunmediated _bn _2rdamedia |
||
| 338 |
_avolume _bnc _2rdacarrier |
||
| 504 | _aIncludes bibliographical references and index. | ||
| 505 | 0 | _aOrientation : a new map of Africa -- Kanju : the fine line between genius and crime -- Fail states : why African government hasn't worked -- Stuff we don't want : doing bad in Africa -- The family map : the original social network -- The technology map : lessons in leapfrogging -- The commercial map : development for sale -- The nature map : to feed, fuel, and build the future -- The youth map : Africa's demographic dividend -- Two publics : Who's in charge? | |
| 651 | 7 |
_aAfrica, Sub-Saharan _xEconomic conditions _y21st century. _2BUEsh |
|
| 651 | 7 |
_aAfrica, Sub-Saharan _xSocial conditions _y21st century. _2BUEsh |
|
| 653 |
_bGGEN _cMay2021 |
||
| 655 |
_vReading book _934232 |
||
| 906 |
_a7 _bcbc _corignew _d1 _eecip _f20 _gy-gencatlg |
||
| 942 |
_2ddc _cBB |
||